Catálogo
 En Linea

Proyecto marco para las políticas de adaptación a la sequía actual y proyectada en la República Dominicana y la República de Cuba / (Registro nro. 48442)

Detalles MARC
000 -CABECERA
campo de control de longitud fija 00842nam a2200217 a 4500
001 - NÚMERO DE CONTROL
campo de control 000048954
005 - FECHA Y HORA DE LA ÚLTIMA TRANSACCIÓN
campo de control 20201002061535.0
008 - DATOS DE LONGITUD FIJA--INFORMACIÓN GENERAL
campo de control de longitud fija 190507s2008 dr b r 000 0 spa d
020 ## - NÚMERO INTERNACIONAL ESTÁNDAR DEL LIBRO
ISBN cancelado o inválido 9789993999657
040 ## - FUENTE DE LA CATALOGACIÓN
Centro catalogador/agencia de origen DO-SdBNP
Lengua de catalogación spa
Centro/agencia transcriptor BNPHU
082 ## - NÚMERO DE LA CLASIFICACIÓN DECIMAL DEWEY
Número de clasificación xxxx
Número de documento/Ítem xxxx
245 00 - MENCIÓN DE TÍTULO
Título Proyecto marco para las políticas de adaptación a la sequía actual y proyectada en la República Dominicana y la República de Cuba /
Mención de responsabilidad, etc. Carlos Manuel Rodríguez Otero...[et al.].
260 ## - PUBLICACIÓN, DISTRIBUCIÓN, ETC.
Lugar de publicación, distribución, etc. Santo Domingo :
Nombre del editor, distribuidor, etc. Secretaría de Estado de Medio Ambiente,
Fecha de publicación, distribución, etc. 2008.
300 ## - DESCRIPCIÓN FÍSICA
Extensión 153 p. :
Otras características físicas map. ;
Dimensiones 21 cm.
504 ## - NOTA DE BIBLIOGRAFÍA, ETC.
Nota de bibliografía, etc. Bibliografía : p. 150-153
700 1# - PUNTO DE ACCESO ADICIONAL--NOMBRE DE PERSONA
Nombre de persona Pérez Hernández, Ada Luisa
9 (RLIN) 76383
700 1# - PUNTO DE ACCESO ADICIONAL--NOMBRE DE PERSONA
Nombre de persona Boquet Roque, Ana
9 (RLIN) 76384
700 1# - PUNTO DE ACCESO ADICIONAL--NOMBRE DE PERSONA
Nombre de persona Favier González, Lucía
9 (RLIN) 76385
700 1# - PUNTO DE ACCESO ADICIONAL--NOMBRE DE PERSONA
Nombre de persona Ramírez Tejeada, Omar
9 (RLIN) 76386
700 1# - PUNTO DE ACCESO ADICIONAL--NOMBRE DE PERSONA
Nombre de persona González, Zoila
9 (RLIN) 50860
Existencias
Estado de retiro Estado de pérdida Restricciones de uso No para préstamo Código de colección Localización permanente Ubicación/localización actual Ubicación en estantería Fecha de adquisición Número de inventario Total de préstamos Signatura topográfica completa Código de barras Fecha visto por última vez Número de copia Precio válido a partir de Tipo de ítem Koha
        Dominicana de Servicio General General Depósito 07.05.2019 LF1   xxxx xxxx 48954-30 25.06.2020 e. 3 25.06.2020 Libro y Folleto Colección Dominicana de Servicio
      Excluido de préstamo Patrimonio Dominicano Patrimonio Dominicano Patrimonio Dominicano Depósito 07.05.2019 LF1   xxxx xxxx 48954-10 25.06.2020   25.06.2020 Libro y Folleto Colección Patrimonio Dominicano
      Excluido de préstamo Patrimonio Dominicano Patrimonio Dominicano Patrimonio Dominicano Depósito 07.05.2019 LF1   xxxx xxxx 48954-20 25.06.2020 e. 2 25.06.2020 Libro y Folleto Colección Patrimonio Dominicano

Con tecnología Koha